Acido glutámico / (Registro nro. 86092)

Detalles MARC
000 -LEADER
campo de control de longitud fija 00760nam a2200205 i 4500
001 - NÚMERO DE CONTROL
campo de control 86092
003 - IDENTIFICADOR DE NÚMERO DE CONTROL
campo de control ES-MaACL
005 - FECHA Y HORA DE LA ÚLTIMA TRANSACCIÓN
campo de control 20230906175354.0
007 - CAMPO FIJO DE DESCRIPCIÓN FÍSICA--INFORMACIÓN GENERAL
campo de control de longitud fija t|
008 - DATOS DE LONGITUD FIJA--INFORMACIÓN GENERAL
campo de control de longitud fija 041207s1957 sp ||||1| spa d
100 1# - ENTRADA PRINCIPAL--NOMBRE DE PERSONA
Nombre de persona Kergl, E.
9 (RLIN) 67901
245 10 - MENCIÓN DEL TÍTULO
Título Acido glutámico /
Mención de responsabilidad, etc. E. Kergl, K. Koebke, H. Haury ; traducción de la 1ª edición alemana con un apéndice redactado por los autores para la presente edición por J. Ripoll Gómez ; presentación por José Mª Rosell.
260 ## - PUBLICACIÓN, DISTRIBUCIÓN, ETC.
Lugar de publicación, distribución, etc. Barcelona :
Nombre del editor, distribuidor, etc. Editorial Científico-Médica,
Fecha de publicación, distribución, etc. 1957.
300 ## - DESCRIPCIÓN FÍSICA
Extensión 146 p. ;
Dimensiones 23 cm.
700 1# - ENTRADA AGREGADA--NOMBRE PERSONAL
Nombre de persona Koebke, K.
9 (RLIN) 68427
700 1# - ENTRADA AGREGADA--NOMBRE PERSONAL
Nombre de persona Haury, H.
9 (RLIN) 62105
700 1# - ENTRADA AGREGADA--NOMBRE PERSONAL
Nombre de persona Ripoll Gómez, J.
9 (RLIN) 97435
700 1# - ENTRADA AGREGADA--NOMBRE PERSONAL
Nombre de persona Rosell, José María.
9 (RLIN) 99683
852 ## - LOCALIZACIÓN
Ubicación ES-MaACL
Número de control de estantería C-12385
Sublocalización o colección R.40378
Existencias
Estatus retirado Estado de pérdida Estado de daño No para préstamo Biblioteca de origen Biblioteca actual Ubicación en estantería Fecha de adquisición Fuente de adquisición Total de préstamos Signatura topográfica completa Código de barras Visto por última vez Precio de reemplazo Tipo de ítem Koha
        Biblioteca del Ateneo de Madrid Biblioteca del Ateneo de Madrid Sala Palomar 17/01/2008     C-12385 1089959 23/02/2023 23/02/2023 Libro impreso